000 00543nam a22002177a 4500
003 UA-OsUOA
001 128042
007 ta
008 20171228b un ||||| |||| 00| 0 ukr d
100 _aСобко І.
090 _a908
_bС54
942 _cSA
040 _aUA-OsUOA
_bukr
_cUA-OsUOA
_dUA-OsUOA
245 _aОстрог відвідали поважні Посли Польщі та Литви
300 _aС.1
955 _a0
041 _aukr
080 _a908
773 0 _w128041
650 7 _a908 Краєзнавство
_2UDC
999 _c415642
_d415642